Τραγούδια Λεξ - Ξαφνικός Θάνατος - Statistics

General Stats
  • This quiz has been taken 50 times
  • The average score is 5 of 15
Answers on the Grid
Answers color-coded by a green-red scale on the quiz's grid according to % correct below.
Vittorio
Μουσική για Τσόγλανους
Φράχτης
Καλύτερες Μέρες
Αλήτικη Αγάπη
Πολυκατοικίες
Κοράκια
Νυχτερίδες
Καταδίκη
Άιντα Τζόνι
Όχι Σήμερα
Τίποτα στον Κόσμο
Βαράνε
Ευτυχισμένες Μέρες
Απόψε Βγαίνουμε
Κομπλεξικό
Δοκιμασία
Καρδιά
Ήθελες να Μπλέξεις;
Ιστορίες
Μπαλόνια
Στον Κεντρικό
Νέοι στο Νοσοκομείο
Κόμποι
Περίεργα Παιδιά
Λίγο Ακόμα
Νάρκες
Σημαδεμένοι
Επικίνδυνοι Πολίτες
Ταπεινοί και Πεινασμένοι
 
Answer Stats
Answer % Correct
Μουσική για Τσόγλανους
50%
Νυχτερίδες
46%
Αλήτικη Αγάπη
43%
Τίποτα στον Κόσμο
43%
Καταδίκη
39%
Όχι Σήμερα
39%
Πολυκατοικίες
36%
Βαράνε
36%
Φράχτης
32%
Vittorio
32%
Άιντα Τζόνι
29%
Κοράκια
25%
Ευτυχισμένες Μέρες
21%
Απόψε Βγαίνουμε
21%
Καλύτερες Μέρες
18%
No matching quizzes found
Score Distribution
Percent of People with Each Score
Percentile by Number Answered
Your Score History
You have not taken this quiz